Organisation and working of the food corporation of India with special reference to vigilance and security management (Record no. 501388)

000 -LEADER
fixed length control field 00517cam a22001457a 4500
008 - FIXED-LENGTH DATA ELEMENTS--GENERAL INFORMATION
fixed length control field 180718b1985 xxu||||| |||| 00| 0 eng d
082 ## - DEWEY DECIMAL CLASSIFICATION NUMBER
Classification number APPPA 84-85 MAT
100 ## - MAIN ENTRY--PERSONAL NAME
Personal name Mathur, S.M.
245 ## - TITLE STATEMENT
Title Organisation and working of the food corporation of India with special reference to vigilance and security management
Statement of responsibility, etc. by S.M. Mathur
260 ## - PUBLICATION, DISTRIBUTION, ETC.
Place of publication, distribution, etc. New Delhi
Name of publisher, distributor, etc. Indian Institute of Public Administration
Date of publication, distribution, etc. 1985
300 ## - PHYSICAL DESCRIPTION
Extent 89p.
650 ## - SUBJECT ADDED ENTRY--TOPICAL TERM
Topical term or geographic name entry element Security management
650 ## - SUBJECT ADDED ENTRY--TOPICAL TERM
Topical term or geographic name entry element Vigilance
650 ## - SUBJECT ADDED ENTRY--TOPICAL TERM
Topical term or geographic name entry element Food corporation-India
Holdings
Withdrawn status Lost status Damaged status Not for loan Permanent Location Current Location Date acquired Full call number Barcode Date last seen Price effective from Koha item type
        Indian Institute of Public Administration Indian Institute of Public Administration 2018-08-04 APPPA 84-85 MAT GR11718 2018-08-04 2018-08-04 GR

Powered by Koha